00798cam a22002531 450000100060000000300080000600500170001400800410003103500190007203500190009104000350011004100080014504200120015308200220016510000290018724501290021626000370034530000540038250400320043665000190046865000210048765000180050865000180052676945BD-RjUL20211209082916.0200207s1963 enkcf b 001 0 eng  a(BD-RjUL)77169 a(OCoLC)2621209 aDLCcOClWdOCoLCdUkdDLCbeng aeng apremarc 223a750bHAP 19631 aHaskell, Francis,d1928-10aPatrons and painters;ba study in the relations between Italian art and society in the age of the baroque /cFrancis Haskell aLondon:bChatto & Windus,c1963. axix, 454 p. :b64 plates (incl. ports.) ;c26 cm. aBibliography: p. [396]-421. 0aArt patronage. 0aArt and society. 0aArt, Italian. 0aArt, Baroque.